| 000 | 00442nam a2200145Ia 4500 | ||
|---|---|---|---|
| 001 | 6651 | ||
| 008 | 260622s9999 xx 000 0 und d | ||
| 245 | 0 |
_aحبّة رمل/ _cناجي الحاي |
|
| 260 |
_aالشارقة؛ _bدائرة الثقافة والإعلام؛ _c1993 |
||
| 300 |
_a55p; _c21x14cm |
||
| 546 | _aArabic | ||
| 650 | _aPN2000-3307 Literature- Dramatic representation. The theater | ||
| 651 | _aArab World | ||
| 942 | _cBK | ||
| 999 |
_c6651 _d6651 |
||